Cukrovka dětí a mladistvých /

Hlavní autor: Kopecký, Alois, 1920-2013
Jazyk: Čeština
Vydáno: Praha : Avicenum, 1986
Vydání: 1. vyd.
Témata:
Externí odkaz: Digitalizovaný dokument
Fyzický popis: 110 s. + 3 volné příl.
Knihy
Uloženo v:
LEADER 01087nam a22002892a 4500
001 000205476
003 CZ BrMZK
005 20070509095836.0
007 ta
008 970107s1986 xr f cze d
015 |a cnb000011809 
035 |a (OCoLC)39420845 
040 |a BOA001  |b cze 
080 9 |a 616.379-008.64-053.2 
100 1 |a Kopecký, Alois,  |d 1920-2013  |7 jk01061638  |4 aut 
245 1 0 |a Cukrovka dětí a mladistvých /  |c Alois Kopecký 
250 |a 1. vyd. 
260 |a Praha :  |b Avicenum,  |c 1986 
300 |a 110 s. +  |e 3 volné příl. 
856 4 1 |u http://www.digitalniknihovna.cz/mzk/uuid/uuid:70bf6560-15f1-11e3-bc65-005056827e51  |y Digitalizovaný dokument  |x NDK 
910 |a BOA001  |b PK-0101.596  |b 2-0901.400 
920 |a 000464789 
964 |a Mládež diabetická - léčení - příručky populární 
964 |a Děti diabetické - léčení 
990 |a BK 
996 7 |b 2619756939  |c 2-0901.400  |l MZK  |r Sklad / do 1 hodiny  |n 5  |w 000205476  |u 000020  |a 1  |e BOA001  |j MZK50  |s A 
996 7 |b 3119900539  |c PK-0101.596  |l MZK  |r Sklad / do 1 hodiny  |n 9  |w 000205476  |u 000010  |a 1  |e BOA001  |j MZK50  |s A